Trees - Sudden Death - Statistics

General Stats
  • This quiz has been taken 121 times
    118 since last reset
  • The average score is 8 of 18
Answers on the Grid
Answers color-coded by a green-red scale on the quiz's grid according to % correct below.
Pine
Aloe Vera
American Sycamore
European Ash
Ginkgo
Alocasia
Monstera Deliciosa
Blue Spruce
Magnolia
Nightrider
Princess pine
Bamboo
Balsam Fir
Money Plant
Banyan
Abies Alba
Sago Palm
Century Plant
Camphor
Quercus Suber
Giant Lobelia
Oak
Baobab
Castor Bean
Silver Birch
Rubber Fig
Horsetail
Tree Fern
Sugar Maple
Honey Locust
 
Answer Stats
Answer % Correct
Pine
100%
Oak
75%
American Sycamore
61%
Magnolia
61%
European Ash
57%
Silver Birch
57%
Blue Spruce
51%
Balsam Fir
49%
Sugar Maple
45%
Baobab
41%
Ginkgo
39%
Banyan
31%
Honey Locust
24%
Rubber Fig
24%
Camphor
14%
Quercus Suber
14%
Abies Alba
12%
Alocasia
8%
No matching quizzes found
Score Distribution
Percent of People with Each Score
Percentile by Number Answered
Your Score History
You have not taken this quiz since the last reset